Catálogo

NORTHEAST GARDENING (Registro nro. 43388)

Detalles MARC
000 -LEADER
fixed length control field 01015nam a2200193 a 4500
001 - CONTROL NUMBER
control field 43388
005 - DATE AND TIME OF LATEST TRANSACTION
control field 20180714021909.0
008 - FIXED-LENGTH DATA ELEMENTS--GENERAL INFORMATION
fixed length control field 140415s1990 xxu 000 0 eng d
020 ## - INTERNATIONAL STANDARD BOOK NUMBER
International Standard Book Number 0025831259
041 ## - LANGUAGE CODE
Language code of text/sound track or separate title eng
082 ## - DEWEY DECIMAL CLASSIFICATION NUMBER
Classification number 635.0974
Item number MCD
100 1# - MAIN ENTRY--PERSONAL NAME
Personal name MCDONALD, ELVIN
245 10 - TITLE STATEMENT
Title NORTHEAST GARDENING
250 ## - EDITION STATEMENT
Edition statement 1a ed.
260 ## - PUBLICATION, DISTRIBUTION, ETC.
Place of publication, distribution, etc. ESTADOS UNIDOS DE AMERICA :
Name of publisher, distributor, etc. ELVIN MCDONALD,
Date of publication, distribution, etc. 1990
300 ## - PHYSICAL DESCRIPTION
Extent 160
Dimensions x 22 x 29
520 ## - SUMMARY, ETC.
Summary, etc. LA JARDINERÍA ES UNA ACTIVIDAD QUE CONTIENE ALGO DE TODOS NOSOTROS, DE NUESTRA EDAD Y DE ALGUNA ETAPA DE NUESTRA VIDA. ALGUNAS VECES PENSAMOS QUE UN JARDÍN NO SE PUEDE TENER A MENOS QUE NO TENGAMOS TIERRA Y UNA CANTIDAD DE DINERO, PERO LA REALIDAD NOS MUESTRA QUE ESTO NO ES CIERTO Y QUE TODOS SOMOS APTOS PARA LA CREACIÓN DE UN GRANDE HERMOSO Y BIEN CUIDADO JARDÍN. ESTE LIBRO NOS ENSEÑA COMO CREAR NUESTRO PROPIO JARDÍN COMO SI LO HICIERA UN VERDADERO PROFESIONAL EN EL ARTE DE LA JARDINE
650 14 - SUBJECT ADDED ENTRY--TOPICAL TERM
Topical term or geographic name entry element JARDINERIA
General subdivision JARDINES
-- ESTADOS UNIDOS
-- DISEO
Existencias
Withdrawn status Lost status Source of classification or shelving scheme Damaged status Not for loan Collection code Home library Current library Shelving location Date acquired Source of acquisition Inventory number Total Checkouts Full call number Barcode Date last seen Price effective from Koha item type
    Dewey Decimal Classification     General Biblioteca Karol Wojtyla Biblioteca Karol Wojtyla Área de silencio 03/12/2013 Compra 151000000000000000011578   635.0974 MCD 65247 05/01/2026 03/12/2013 Libro